000 00723nam a2200229 u 4500
001 66001
005 20180714073558.0
008 160824s2008 ag r 000 0 spa d
020 _a9789501215151
041 0 _aspa
082 0 _a370.15
_bVAS
100 1 _aVasen, Juan,
_eautor
245 1 4 _aLas certezas perdidas :
_bpadres y maestros ante los desafíos del presente /
_cJuan Vase.
264 1 _aArgentina :
_bEditorial Paidós,
_c2008
300 _a173 páginas ;
_c22 cm.
336 _atexto
_2rdacontent
337 _asin mediación
_2rdamedia
338 _avolumen
_2rdacarrier
490 0 _aVoces de la educación
650 4 _aSociología de la educación
650 4 _aPsicología educativa
999 _c66001
_d66001